| 000 | 01048nam a2200241 a 4500 | ||
|---|---|---|---|
| 001 | 000047785 | ||
| 005 | 20201002060733.0 | ||
| 008 | 180418s2018 dr ac 000 0 spa d | ||
| 020 | _a9789945125610 (v. 1) | ||
| 020 | _a9789945125764 (v. 2) | ||
| 020 | _a97899455696 (v. 3) | ||
| 040 |
_aDO-SdBNP _bspa _cBNPHU |
||
| 082 |
_axxx _bxxx |
||
| 100 | 1 |
_aMartínez, Ciana _974940 |
|
| 245 | 1 | 0 |
_aFrancais 5 : _bniveau secondaire / _cCiana Martínez. |
| 260 |
_aSanto Domingo, : _bsusaeta, _c2018. |
||
| 300 |
_a3 v. : _bil., retrs. ; _c30 cm. |
||
| 500 | _aIncluye libro del alumno, cuaderno de actividades y guía didáctica y solucionario. | ||
| 505 | 0 |
_tJumeaux, triplés, quintuplés -- _tÉcole, club, église -- _tVoyage, tourisme, immigré -- _tBouger, bricoler, se détendre -- _tDemeurer, habiter, vivre -- _tRespirer, perdre, recouvrer la santé -- _tPollution, défense, qualité de la vie -- _tBibliographie / |
|
| 500 | _aLibro de educación secundaria. | ||
| 500 | _aNuevo programa = Nouveau programme. | ||
| 590 | _aInventariado, 2018/ YL | ||
| 999 |
_c47273 _d47273 |
||